THERAPEUTIC EXERCIESE FOUNDATION AND TECHNIQUES (Record no. 33177)

MARC details
000 -LEADER
fixed length control field 00428nam a22001697a 4500
003 - CONTROL NUMBER IDENTIFIER
control field SGT
020 ## - INTERNATIONAL STANDARD BOOK NUMBER
International Standard Book Number 9789356961319
082 ## - DEWEY DECIMAL CLASSIFICATION NUMBER
Classification number 615.8
Item number T25K
100 ## - MAIN ENTRY--PERSONAL NAME
Personal name KISNER, COROLYN
245 ## - TITLE STATEMENT
Title THERAPEUTIC EXERCIESE FOUNDATION AND TECHNIQUES
250 ## - EDITION STATEMENT
Edition statement 8TH
260 ## - PUBLICATION, DISTRIBUTION, ETC. (IMPRINT)
Place of publication, distribution, etc INDIA
Name of publisher, distributor, etc JAYPEE PUB
Year of Publication 2025
300 ## - PAGE DESCRIPTION
No. of Pages 1124
650 ## - SUBJECT ADDED ENTRY--TOPICAL TERM
Topical term or geographic name as entry element SPORT SCIENCE
653 ## - KEYWORDS--INDEX TERM
Keyword term THERAPEUTIC EXERCIESE FOUNDATION AND TECHNIQUES
942 ## - ADDED ENTRY ELEMENTS (KOHA)
Source of classification or shelving scheme Dewey Decimal Classification
Koha item type Books
Holdings
Withdrawn status Lost status Source of classification or shelving scheme Damaged status Not for loan Collection code Home library Current library Shelving location Date acquired Vendor Name Cost, normal purchase price SGTU Bill Number Full call number Accession No. (Barcode) Date last seen Bill Date Koha item type Total Checkouts Date last borrowed Checked out
    Dewey Decimal Classification   Not For Loan MEDICAL SGT Medical Library SGT Medical Library Text Book 06/10/2025 BRIJWASI BOOK DISTRIBUTORS DELHI 2195.00 SGTU BW/000285 615.8 T25K FM15626 11/11/2025 06/10/2025 Books      
    Dewey Decimal Classification     MEDICAL SGT Medical Library SGT Medical Library Text Book 06/10/2025 BRIJWASI BOOK DISTRIBUTORS DELHI 2195.00 SGTU BW/000285 615.8 T25K FM15627 05/06/2026 06/10/2025 Books 2 03/06/2026  
    Dewey Decimal Classification     MEDICAL SGT Medical Library SGT Medical Library Text Book 06/10/2025 BRIJWASI BOOK DISTRIBUTORS DELHI 2195.00 SGTU BW/000285 615.8 T25K FM15628 20/03/2026 06/10/2025 Books 1 19/03/2026  
    Dewey Decimal Classification     MEDICAL SGT Medical Library SGT Medical Library Text Book 06/10/2025 BRIJWASI BOOK DISTRIBUTORS DELHI 2195.00 SGTU BW/000285 615.8 T25K FM15629 16/04/2026 06/10/2025 Books 2 30/03/2026  
    Dewey Decimal Classification     MEDICAL SGT Medical Library SGT Medical Library Text Book 06/10/2025 BRIJWASI BOOK DISTRIBUTORS DELHI 2195.00 SGTU BW/000285 615.8 T25K FM15630 19/05/2026 06/10/2025 Books 3 19/05/2026 02/06/2026